Państwa według wkładu do budżetu ONZ - Statystyki

Ogólne statystyki
  • Ten quiz został rozwiązany 29 198 razy
    16 073 od ostatniego zresetowania
  • Średni wynik to 17 z 20
Statystyki odpowiedzi
$ Kraj % Poprawnych
708 mln Stany Zjednoczone
100%
126 mln Francja
97%
179 mln Niemcy
97%
446 mln Chiny
96%
54,6 mln Rosja
95%
76,9 mln Kanada
94%
62,4 mln Hiszpania
93%
128 mln Wielka Brytania
92%
58,9 mln Brazylia
90%
235 mln Japonia
90%
93,3 mln Włochy
89%
30,5 mln Indie
87%
35,7 mln Meksyk
85%
61,8 mln Australia
83%
25,5 mln Szwecja
77%
75,3 mln Korea Południowa
74%
24,7 mln Turcja
70%
33,2 mln Szwajcaria
66%
40,3 mln Holandia
65%
34,6 mln Arabia Saudyjska
64%
Nie znaleziono quizów pasujących do podanych kryteriów
Rozkład punktacji
Procent ludzi z każdym wynikiem
Percentyl według liczby udzielonych odpowiedzi
Twoja historia wyników
Nie rozwiązałeś tego quizu od ostatniego zresetowania